Quiz o mnie - Statystyki

Ogólne statystyki
  • Ten quiz został rozwiązany 39 razy
  • Średni wynik to 5 z 14
Statystyki odpowiedzi
Zagadnienie Odpowiedź % Poprawnych
Moim najbardziej ulubionym zespołem muzycznym nr1 jest? Bon Jovi
78%
Moja najbardziej ulubiona piosenka to? Bon Jovi - Runaway
56%
Miasto które chcialbym odwiedzić to? Barcelona
44%
Ulubiony aktor to? Cezary Pazura
44%
Jaki mam zawód po szkole sredniej? Kucharz
44%
Sport ktorego nie lubię to? Rugby/futbol amerykański
44%
Jednym z moich ulubionych influencerów jest? Fusialka
33%
Ktorego gatunku muzyki nie lubię? Jazz
33%
Od urodzenia mam? Odpowiedzi A i B są poprawne
33%
Miasto w którym sie urodziłem? Poznań
22%
Którego typu gier pc nie lubie? Strategiczne
22%
Ulubiony gatunek filmu to? Wszystkie odpowiedzi są poprawne
22%
Miasto w którym nie byłem to?(Miasto w którym się urodziłem nie jest wliczane) Kraków
11%
Data mojego urodzenia to? 1.09.1999
0%
Nie znaleziono quizów pasujących do podanych kryteriów
Rozkład punktacji
Procent ludzi z każdym wynikiem
Percentyl według liczby udzielonych odpowiedzi
Twoja historia wyników
Nie rozwiązałeś tego quizu